000 01206naa a22003257a 4500
001 BR6010202
003 BR-BrBNA
005 20240918173155.0
007 ta
008 230509b bl.||||| |||| 00| 0 por d
040 _aBR-BrBNA
_bpor
_cBiblioteca Nacional de Agricultura
041 _a(Pt)
072 _aF25; F22
_b3830
_bG514
090 _aF25 BR6010202
100 1 _aDobereiner, J.
100 1 _aAlvahido, R.
111 1 _a5. Congresso Brasileiro de Ciencia do Solo
_cPelotas, RS (Brazil)
_d4 Jul 1955
245 1 _aContribuicao ao estudo do efeito residual dos fosfatos de Trauira natural e calcinado [Brasil]
260 3 _aRio de Janeiro, GB (Brasil):
_c1959.
500 _aAnais do 5. Congresso Brasileiro de Ciencia do Solo Rio de Janeiro, GB (Brasil): 1959. p. 200-220 (BR6010202-AM)F25
650 _aFertilidade do solo
650 _aQuimica do solo
650 _aFertilizante fosfatado
650 _aFosfato de aluminio
650 _aEfeito residual
650 _aAnalise do solo
773 0 _tAnais do 5. Congresso Brasileiro de Ciencia do Solo
_wF25 BR6010202
_gRio de Janeiro, GB (Brasil), 1959. p. 200-220
909 _a202404
_bLucia
_c55
_dLucia Elande
942 _cAM
_2AGRIS
999 _c303283
_d303283